William Houston

Chicago B


Categories

History - American History0402407092.0003
History - European History03013097110.6702
History - World History1220253178.6723
Beliefs020120139140.5000
Social Science02012098115.5001
0100107070.0001
Current Events010110135135.0001
Geography0100107474.0000
Literature - American Literature010110130130.0000
Other Academic010010108108.0001
Religion010010103103.0011
Other Arts: Visual000000.0000
Literature - British Literature0010-50.0000
Science - Biology0010-50.0000
Science - Physics0010-50.0000
Other Science: Math0010-50.0000

Buzzes

History - World HistoryIndonesia1531
History - World HistoryChile-562
History - American HistoryRoss Perot1070
Desmond Tutu1070
Geographysandstorms1074
History - American HistoryCalifornia1087
Other Science: Mathsequences-588
Literature - British LiteratureRobert Burns-590
History - World HistoryPaul Kagame-591
History - American HistoryQuakers1096